00381nam a2200121Ia 4500008004100000100002300041245014200064260001200206260001100218260000900229300000700238650001400245160103s9999 xx 000 0 und d10aParanavithana,N.N. aEffect on Feeding Coconut Oil and Sesame Oil at Different Dietary Levels on the Concentration of crude protein and total fat in Goat milk aColombo bIchemc c2009 a35 aGoat Milk